000
00285nam a2200109Ia 4500
008
220204s9999 xx 000 0 und d
082
_a
331.45.4:336
_b
BLA
100
_a
Blackburn, Robin
245
0
_a
Age shock: How finance is failing us
260
_a
New York
_b
Verso
_c
2006
942
_c
BK
999
_c
42871
_d
42871